Le Tour de la France par deux enfants (Record no. 172623)

MARC details
000 -LEADER
campo de control de longitud fija 01072nam a2200277 i 4500
001 - NÚMERO DE CONTROL
campo de control 172623
003 - IDENTIFICADOR DE NÚMERO DE CONTROL
campo de control ES-MaACL
005 - FECHA Y HORA DE LA ÚLTIMA TRANSACCIÓN
campo de control 20250825062632.0
008 - DATOS DE LONGITUD FIJA--INFORMACIÓN GENERAL
campo de control de longitud fija 090731s1971 fr |||| | fre d
080 ## - NÚMERO DE LA CLASIFICACIÓN DECIMAL UNIVERSAL
Número de la Clasificación Decimal Universal 811.133.1
080 ## - NÚMERO DE LA CLASIFICACIÓN DECIMAL UNIVERSAL
Número de la Clasificación Decimal Universal 087.5
100 1# - ENTRADA PRINCIPAL--NOMBRE DE PERSONA
Nombre de persona Bruno, G (
Forma completa/desarrollada del nombre Gabriel)
9 (RLIN) 141130
245 13 - MENCIÓN DEL TÍTULO
Título Le Tour de la France par deux enfants
Resto del título : devoir et patrie : livre de lecture courante avec 212 gravures instructives pour les leçons de choses et 19 cartes géographiques /
Mención de responsabilidad, etc. par G. Bruno.
250 ## - MENCION DE EDICION
Mención de edición 411e éd.
260 ## - PUBLICACIÓN, DISTRIBUCIÓN, ETC.
Lugar de publicación, distribución, etc. Paris :
Nombre del editor, distribuidor, etc. Eugène Belin,
Fecha de publicación, distribución, etc. [1971] (
Fabricante Imp. Firmin-Didot)
300 ## - DESCRIPCIÓN FÍSICA
Extensión 322 p. :
Otras características físicas il., map. ;
Dimensiones 18 cm.
500 ## - NOTA GENERAL
Nota general Índice.
594 ## - Nota al título y mención de responsabilidad
Nota al título y mención de responsabilidad Cours moyen.
595 ## -
-- Éd. entièrement revue et augmentée d'un épilogue.
650 #4 - PUNTO DE ACCESO ADICIONAL DE MATERIA--TÉRMINO DE MATERIA
Término de materia o nombre geográfico como elemento de entrada Lengua francesa-
Subdivisión de forma Libros escolares.
9 (RLIN) 14224
650 #4 - PUNTO DE ACCESO ADICIONAL DE MATERIA--TÉRMINO DE MATERIA
Término de materia o nombre geográfico como elemento de entrada Lengua francesa-
Subdivisión de forma Lecturas.
9 (RLIN) 139019
651 04 - PUNTO DE ACCESO ADICIONAL DE MATERIA--NOMBRE GEOGRÁFICO
Nombre geográfico Francia-
Subdivisión general Descripción.
9 (RLIN) 8676
655 #7 - TERMINO DE INDIZACIÓN--GENERO/FORMA
Datos o término principal de género/forma Libros infantiles
Fuente del término tgfbne
9 (RLIN) 226786
852 4# - LOCALIZACIÓN
Ubicación ES-MaACL
Número de control de estantería E-12910
itemnumber R.139283
Nota libre . - Biblioteca Jacinto Martínez Lacalle
Holdings
Estatus retirado Estado de pérdida Estado de daño No para préstamo Biblioteca de origen Biblioteca actual Ubicación en estantería Fecha de adquisición Fuente de adquisición Total de préstamos Signatura topográfica completa Código de barras Visto por última vez Precio de reemplazo Tipo de ítem Koha
        Biblioteca del Ateneo de Madrid Biblioteca del Ateneo de Madrid Depósito 2 31/07/2009     E-12910 1181153 23/02/2023 23/02/2023 Libro impreso